000 00283nam a22001097a 4500
008 180806b xxu||||| |||| 00| 0 eng d
082 _a813.52
245 _aIntroductory adobe photoshop CS2 basics
_cSTUDENT DATA FILES
300 _a1
_fCD
440 _x9781423971979
942 _2ddc
_cMX
999 _c46821
_d46821